00799nam a2200217 a 450000100060000000300090000600800410001502000150005604000280007108200160009910000570011524500470017225000060021926000480022530000080027350502160028165000260049765000170052365000170054065000240055721501CO-ViMGA141112s2004 ck r 000 u spa d a9586352943 aCO-ViMGAbspacCO-ViMGA04a364.2 R653a1 aRomero Soto, Julio; Salazar de la Torre, Juan Carlos10aAntropología y psicopatología criminal a2 aBogotá : bLibrería profesional, c1998 a311 aEl delincuente endógeno 29 - - La edad y el sexo 91 - - El delincuente emotivo y pasional 123 - - Los factores interpsiquicos de la criminalidad 217 - - El transtorno mental como causa de inimputabilidad 274 14aANTROPOLOGIA CRIMINAL14aCRIMINOLOGIA14aDELINCUENTES14aPSICOLOGIA CRIMINAL